| 000 | nam a22 a 4500 | ||
|---|---|---|---|
| 999 |
_c4436 _d4436 |
||
| 003 | AKMAL | ||
| 005 | 20170530095328.0 | ||
| 008 | 170530s2010 my e l 000 0 may d | ||
| 020 |
_a9789678918619 (kkt.) : _cRM18.00 |
||
| 040 |
_aAKMAL _cAKMAL |
||
| 082 | 0 | 4 |
_a345.59502 MAL _222 |
| 090 |
_a345.59502 _bMAL |
||
| 110 | 1 |
_aMalaysia _9400 |
|
| 245 | 1 | 0 |
_aKanun Keseksaan (Akta 574) : _b(hingga 5 Januari 2010) / _cdisusun oleh : Lembaga Penyelidikan Undang-undang |
| 260 |
_aPetaling Jaya : _bInternational Law Book Services, _c2010 |
||
| 300 |
_a261ms. ; _c24cm. |
||
| 490 | 1 | _aUndang-undang Malaysia | |
| 650 | 1 | 0 |
_aCriminal law _zMalaysia _93716 |
| 650 | 2 | 0 |
_aPunishment _zMalaysia _98388 |
| 710 | 2 |
_aLembaga Penyelidikan Undang-Undang _98611 |
|
| 830 | 0 |
_aUNDANG-UNDANG MALAYSIA _98612 |
|
| 942 |
_2ddc _cBOOK |
||